| 000 | 00510cam a2200181 4500 | ||
|---|---|---|---|
| 020 | _a471093319 | ||
| 040 | _cDLC | ||
| 082 | 0 | 0 | _a517 ELE 1969 C282 Or. |
| 100 | 1 | _aBoyce, William E. | |
| 245 | 1 | 0 | _aElementary differential equations and boundary value problems |
| 250 | _a2d ed. | ||
| 260 |
_aNew York, _bWiley _c[1969] |
||
| 300 |
_axiv, 533, A-43, I-8 p. _billus. _c24 cm. |
||
| 650 | 0 | _aDifferential equations. | |
| 650 | 0 | _aBoundary value problems. | |
| 700 | 1 | _aDiPrima, Richard C., | |
| 942 | _cAEDBB | ||
| 999 |
_c21490 _d21490 |
||